000 01056nam a22001697a 4500
003 OSt
005 20240410111315.0
008 240410s1988 ag ||||| |||| 00| 0 spa d
020 _a8447300005
040 _cbesoc
100 _aEco, Umberto
_eautor
245 _aEl Nombre De La Rosa
_cUmberto Eco
260 _aEspaña:
_bLumen
_c1988
300 _a467 p.
520 _aOriginal mezcla de relato policiaco a lo Agatha Chistie y novela culta, El Nombre De La Rosa -primera novela del escritor y semiólogo italiano Umberto Eco- cuenta las peripecias de Fray Guillermo de Baskerville y su alumno y acompañante fiel, Adso de Melk, en una abadía benedictina en el primer tercio del siglo XIV. Peripecias que giran alrededor de unos misteriosos textos griegos y las extrañas muertes que se suceden en torno a ellos. Con el marco nada incomparable de la Edad Media, El nombre de la rosa se revela como una aventura laberíntica, perfecta tanto para los que busquen una lectura culta como para que dejen seducir por el puro entretenimiento.
942 _2udc
_cLPD
_n0
999 _c225
_d225